000 00349nam a2200145Ia 4500
008 230917s9999||||xx |||||||||||||| ||und||
040 _e240576
_aMAIN
041 _aEnglish
082 _a519.2 P424S
100 _aPormila
245 0 _aStochastic analysis of 2-out-2: G systems with standby
260 _c2016
300 _a147 p.
942 _cTH
999 _c127018
_d127018